Enciclopedia interactiva del mundo hispano / (Registro nro. 14225)

Detalles MARC
000 -LIDER
fixed length control field 01284nam a2200241 4500
001 - NÚMERO DE CONTROL
Identificador de número de control bimo0001768966
003 - IDENTIFICACDOR DE NÚMERO DE CONTROL
control field DO-SdBNP
005 - DATE AND TIME OF LATEST TRANSACTION
control field 20220608092816.0
008 - ELEMENTOS DE LONGITUD FIJA
fixed length control field 020410s2002 sp | ||| ||spa
020 ## - ISBN
International Standard Book Number 8449421373
040 ## - FUENTE DE CATALOGACIÓN
Agencia que crea de manera original el registro BPMSU
Idioma de catalogación spa
Agencia que realiza la transcripción BPMSU
082 ## - NÚMERO DE CLASIFICACIÓN DECIMAL DE DEWEY
Classification number R803
Item number E56i 2002
Edition number 22
245 00 - MENCIÓN DE TITULO
Título Enciclopedia interactiva del mundo hispano /
Mención de responsabilidad dirección de la obra, Joaquín Navarro
260 ## - PUBLICACIÓN, DISTRIBUCIÓN, ETC. (PIE DE IMPRENTA)
Lugar de publicación, distribución, etc Barcelona :
Nombre del editor, distribuidor, etc. Océano,
Fecha de publicación, distribución, etc 2002
300 ## - DESCRIPCIÓN FÍSICA
Extensión v. :
Otros detalles físicos il.retrs.;
Dimensiones 29 cm
Material complementario
500 ## - NOTA GENERAL
Materiales especificados La biblioteca posee el v.2
505 0# - NOTA DE CONTENIDO
Texto normalizado de contenido 1. Gramática, el idioma español, literatura española 2. Literatura hispanoamericana, literatura universal 3. Historia universal, historia de América Latina 4. Geografía general, atlas, geografía descriptiva, ecología, geología 5. Física, electricidad, electrónica, química inorgánica, química orgánica 6. Álgebra, geometría, estadística, computación 7. Biología, paleontología, botánica, zoología, el cuerpo humano, educación sexual 8. Tecnología mecánica, diseño, educación artística, música, educación cívica, autoevaluación, índice analítico
590 ## - NOTA LOCAL
Enlace Inventariado, 2022/VM
650 #4 - ENCABEZAMIENTO DE MATERIA--TEMÁTICO
Término temático o nombre geográfico como elemento de entrada Literatura
Subdivisión de forma Enciclopedias
Fuente del encabezamiento o término
700 1# - ASIENTO SECUNDARIO -- NOMBRE PERSONAL
Nombre personal Navarro, Joaquín
Fechas asociadas con el nombre 1946-
910 ## - VALIDACIÓN
Validación VMateo V.
942 ## - ADDED ENTRY ELEMENTS (KOHA)
Source of classification or shelving scheme Dewey Decimal Classification
Koha item type Libros
Existencias
Withdrawn status Lost status Source of classification or shelving scheme Damaged status Not for loan Collection code Home library Current library Date acquired Full call number Barcode Date last seen Copy number Price effective from Koha item type Total Checkouts
    Dewey Decimal Classification     Colección de Referencia General Biblioteca Pública Metropolitana Salomé Ureña Biblioteca Pública Metropolitana Salomé Ureña 06/08/2022 BPMSU CGR R803 E56i 2002 BPMSU22060021 06/08/2022 v.2 06/08/2022 Libros  
    Dewey Decimal Classification     Colección de Referencia General Biblioteca Pública Metropolitana Salomé Ureña Biblioteca Pública Metropolitana Salomé Ureña 06/08/2022 BPMSU CGR R803 E56i 2002 BPMSU22060024 06/09/2022 v.3 06/08/2022 Libros  
    Dewey Decimal Classification     Colección de Referencia General Biblioteca Pública Metropolitana Salomé Ureña Biblioteca Pública Metropolitana Salomé Ureña 06/08/2022 BPMSU CGR R803 E56i 2002 BPMSU22060025 06/09/2022 v.1 06/08/2022 Libros